000 01947cam a22003255a 4500
001 L155828
008 070413s2012 xxk f 000 0 eng d
020 _a9780203121313
035 _a(Sirsi) u155828
041 0 _aeng
100 1 _aChappell, David
245 0 0 _aUnderstanding JCT standard building contracts
_h[electronic contract]
250 _a9th ed.
260 _aLondon
_bRoutledge
_c2012
300 _aeBook
520 _aThis ninth edition of David Chappell's bestselling guide has been revised to take into account changes made in 2011 to payment provisions, and elsewhere. This remains the most concise guide available to the most commonly used JCT building contracts: Standard Building Contract with quantities, 2011 (SBC11), Intermediate Building Contract 2011 (IC11), Intermediate Building Contract with contractor's design 2011 (ICD11), Minor Works Building Contract 2011 (MW11), Minor Works Building Contract with contractor's design 2011 (MWD11) and Design and Build Contract 2011 (DB11). Chappell avoids legal jargon but writes with authority and precision. Architects, quantity surveyors, contractors and students of these professions will find this a practical and affordable reference tool arranged by topic.
590 _aKA
650 2 4 _aJCT STANDARD BUILDING CONTRACT (2011 EDITION)
650 2 4 _aEBOOK
650 2 4 _aJCT INTERMEDIATE BUILDING CONTRACT (2011 EDITION)
650 2 4 _aJCT INTERMEDIATE BUILDING CONTRACT WITH CONTRACTOR'S DESIGN (2011 EDITION)
650 2 4 _aJCT MINOR WORKS BUILDING CONTRACT (2011 EDITION)
650 2 4 _aJCT MINOR WORKS BUILDING CONTRACT WITH CONTRACTOR'S DESIGN (2011 EDITION)
650 2 4 _aJCT DESIGN AND BUILD CONTRACT (2011 EDITION)
651 4 _aEngland and Wales
_y1543-
651 4 _aNorthern Ireland
_y2007-
690 _aContracts
_96232
856 4 8 _uhttps://www.vlebooks.com/
_zView on VLEbooks. Logins for members only from [email protected]
942 _n0
999 _c113857
_d113857